000 01211nam a2200313 i 4500
001 8602
003 KOSZ 005
005 20250801065400.0
008 070926s1966 pl a f 001 0 pol
015 _aPB 1966/4184
040 _aWA N
_cKOSZ 005/RW
_dKOSZ 005/RW
041 1 _apol
_heng
080 _a519
100 1 _aFeller, William
_d(1906-1970)
_eAutor
245 1 0 _aWstęp do rachunku prawdopodobieństwa /
_cWilliam Feller ; [tł. R. Bartoszyński i B. Bielecki].
246 1 _iTyt. oryg.:
_aIntroduction to probability theory and its applications.
250 _aWyd. 2 zm.
260 _aWarszawa :
_bPaństwowe wydawnictwo Naukowe,
_c1966.
300 _a420 s. :
_bil. ;
_c25 cm.
380 _aKsiążki.
500 _aTyt. oryg.: An introduction to propability theory and its applications.
504 _aIndeks.
650 4 _aRachunek prawdopodobieństwa
700 1 _aBielecki, Bronisław
_d(1883-1967).
_eTłumaczenie
700 1 _aBartoszyński, Robert
_d(1933-1998)
_eTłumaczenie
710 2 _aPaństwowe Wydawnictwo Naukowe
_4pbl.
856 _uhttp://koha.tu.koszalin.pl/cgi-bin/koha/opac-detail.pl?biblionumber=8602
_yKatalog online BPK
942 _2UKD
_cKS
999 _c8602
_d8602